00635 a2200157 4500003000500000005001700005040000900022082001900031100001600050245005000066260003100116300002300147505025700170600001600427650003400443Nust20221205092425.0 cNust a621.381528,PET aF.R. Pettit aServicing transistor receivers /cF.R. Pettit aNorman PricebLondonc1963 a96 pbillusc19 cm aTransistors (Page-9), Transistor Receivers (Page-14), Test Equipment (Page-29), Faults and Fault Finding (Page-34), Transistor DC Tests (Page-52), Receiver Alignment and RF Tests (Page-59), Testing Transistors (Page-64), Transistor Equivalent (Page-74) aF.R. Pettit aTelecommunication Engineering